00705nam a2200193Ia 4500003000900000008004100009040001600050080001800066110003300084245013700117260005000254300001300304650003900317650001900356650002000375942000700395999001500402952009400417IN-BaIIA211028s9999 xx 000 0 eng d cIIA Library a(035)624bISI aIndian Standards Institution 0aIndian Standard Handbook on Concrete Mixes (Based on Indian Standards)cIndian Standards Institution  aNew DelhibIndian Standards Institutionc1983 axv,144p. aCivil Engineering-Standards914814 aNASA Thesaurus aStandards98876 cBK c8807d8807 00104070aBANbBANcGENd1986-09-11l0o(035)624/ ISIp9685r2021-11-05w1986-09-11yBK